000 01426nam a2200217Ia 4500
003 Ost
005 20260507075045.0
008 260507s9999||||xx |||||||||||||| ||und||
040 _cfsecg
041 _aara
100 _aإدريس، ثابت عبد الرحمن
_eمؤلف
245 0 _aالسلوك التنظيمي :
_bنظريات ونماذج وتطبيق عملي لإدارة السلوك في المنظمة /
_c ثابت عبد الرحمن إدريس
260 _aالإسكندرية:
_bالدار الجامعية,
_c2002
300 _a683 صفحة؛
_bإيضاحات ؛
_c24 سم
520 _aالسلوك التنظيمي(مفاهيم)-بحوث السلوك التنظيمي(التعلم ،الإدراك،الإتجاهات،قياس الإتجاهات،الدافعية،المحددات الإجتماعية)_السلوك التنظيمي في التطبيق الإداري-ديناميكية الجماعة في المنظمات-سلوك المجموعات والصراع التنظيمي-الضغوط التنظيمية-القيادة والتأثير في الآخرين-إدارة العلاقات الشخصية والإتصالات-إتخاذ القرارات الجماعية
653 _aالسلوك
653 _aتنظيم وإدارة
653 _aعلم النفس الإجتماعي
700 _aمحمد المرسى، جمال الدين
_eمؤلف ثانوي
942 _cكتاب
999 _c42563
_d42563